000 00646nam a2200229Ia 4500
005 20241129120109.0
008 241129s9999||||xx |||||||||||||| ||und||
020 _a9783031251214
037 _aTB
040 _aSDCL
_beng
_cSDCL
041 _aeng
_2eng
084 _aD66:f3, R3
_qSDCL
100 _aAsadi Farzin
_9729128
245 0 _aAnalog electronic circuits laboratory manual
260 _aSwitzerland
_bSpringer
_c2023
300 _aix,233p.
365 _aEUR
_b49.99
490 _aSynthesis lactures on electrical engineering
650 _aElectronic Science
942 _cTB
_hD66:f3, R3
999 _c1233329
_d1233329